| 000 | 00603nam a2200217 i 4500 | ||
|---|---|---|---|
| 001 | 92645 | ||
| 003 | ES-MaACL | ||
| 005 | 20230906181025.0 | ||
| 007 | t| | ||
| 008 | 050412s1996 sp ||||1| spa d | ||
| 020 | _a84-339-1464-2 | ||
| 080 | _a821.134.2(729.1)-31"19" | ||
| 100 | 1 |
_aDíaz, Jesús. _944128 |
|
| 245 | 1 | 4 |
_aLas palabras perdidas / _cJesús Díaz. |
| 260 |
_aBarcelona : _bAnagrama, _c[1996] |
||
| 300 |
_a348 p. ; _c19 cm. |
||
| 490 | 1 |
_aCompactos Anagrama ; _v133 |
|
| 830 | 0 |
_aCompactos Anagrama ; _v133 _9180205 |
|
| 852 |
_aES-MaACL _jE-10950 _bR.135573 |
||
| 999 |
_c92645 _d92645 |
||